|
|
|
|
| LEADER |
01423nam a2200373 a 4500 |
| 001 |
nkc20061640904 |
| 003 |
CZ PrNK |
| 005 |
20060316153031.0 |
| 007 |
ta |
| 008 |
060202s2006 xr a g 000 pdcze |
| 015 |
|
|
|a cnb001640904
|
| 020 |
|
|
|a 80-86292-21-5
|q (váz.) :
|c Kč 85,00
|
| 035 |
|
|
|a (OCoLC)85166831
|
| 040 |
|
|
|a BOA001
|b cze
|d ABA001
|
| 072 |
|
7 |
|a 821.162.3-1
|x Česká poezie
|2 Konspekt
|9 25
|
| 080 |
|
|
|a 821.162.3-1
|2 MRF
|
| 080 |
|
|
|a (0:82-141)
|2 MRF
|
| 100 |
1 |
|
|a Schovancová, Běla,
|d 1945-2019
|7 mzk2002160608
|4 aut
|
| 245 |
1 |
0 |
|a Kalendář země, Boží láskou ozářené /
|c Běla Schovancová ; [ilustrace Ladislav Schovanec]
|
| 250 |
|
|
|a 2. vyd.
|
| 260 |
|
|
|a Brno :
|b Knihař,
|c 2006
|
| 300 |
|
|
|a 43 s. :
|b barev. il. ;
|c 21 cm
|
| 500 |
|
|
|a 1. vyd. vydala Společnost křesťanských umělců SABMJL v edici Ave Maria ve Francii v r. 1996
|
| 655 |
|
7 |
|a česká poezie
|7 fd133958
|2 czenas
|
| 655 |
|
7 |
|a náboženská poezie
|7 fd215979
|2 czenas
|
| 655 |
|
9 |
|a Czech poetry
|2 eczenas
|
| 655 |
|
9 |
|a religious poetry
|2 eczenas
|
| 700 |
1 |
|
|a Schovanec, Ladislav,
|d 1941-2019
|7 mzk2006324002
|4 ill
|
| 910 |
2 |
|
|a BOA001
|b 2-1162.875
|
| 990 |
|
|
|a BK
|
| 995 |
|
|
|a 01
|
| 991 |
|
|
|b 200603
|
| 996 |
6 |
|
|b 2610271384
|c 2-1162.875
|l MZK
|r Sklad / do 1 hodiny
|n 0
|p p.v.
|w 000807969
|u 000010
|a 1
|e BOA001
|j MZK50
|s P
|
| 996 |
7 |
|
|b 2610271385
|c 2-1162.875
|l MZK
|r Sklad / do 1 hodiny
|n 1
|p p.v.
|w 000807969
|u 000020
|a 1
|e BOA001
|j MZK50
|s A
|